| 000 | 00351nam a2200145Ia 4500 | ||
|---|---|---|---|
| 008 | 191201s2005 xx 000 0 und d | ||
| 082 |
_a621.26 _bMOH |
||
| 100 | _aMODI, P N | ||
| 245 | 0 | _aHydraulics and Fluid Mechanics | |
| 250 | _a15th | ||
| 260 |
_aN.Delhi _bStandard Publishere _c2005 |
||
| 300 | _a1270 | ||
| 650 | _aB.Tech(ME) | ||
| 942 |
_2ddc _cBK |
||
| 999 |
_c1276 _d1276 |
||